000 00333nam a2200145Ia 4500
008 230718s9999 xx 000 0 und d
041 _aEng.
082 _a396.066
_bMUZ-L
100 _aMuzammil, Muhammad
245 0 _aLaw Company
260 _aPakistan
_bMansoor book house
_c2003
300 _a188
650 _aLaw
999 _c29428
_d29428